Praktická príručka podnikateľa 1994

Gespeichert in:
Bibliographische Detailangaben
1. Verfasser: Práznovský, Alexander
Weitere Verfasser: Šupšák, Jozef
Format: Buch
Sprache:Slowakisch
Veröffentlicht: Bratislava Elita 1994
Ausgabe:1. vyd.
Schlagworte:
Tags: Tag hinzufügen
Keine Tags, Fügen Sie das erste Tag hinzu!

MARC

LEADER 00000nam a2200000 4500
001 c005674
005 20221214074708.2
020 |a 80-85323-52-4 
041 0 |a slo 
044 |a SK 
245 1 0 |a Praktická príručka podnikateľa 1994  |c Alexander Práznovský, Jozef Šupšák 
250 |a 1. vyd. 
264 1 |a Bratislava  |b Elita  |c 1994 
300 |a 213 s. 
610 2 0 |a podnikanie 
610 2 0 |a podnikatelia 
610 2 0 |a predpisy právne 
610 2 0 |a zákonník práce 
610 2 0 |a vzťahy občianskoprávne 
610 2 0 |a poistenie 
610 2 0 |a dane 
610 2 0 |a združenia 
610 2 0 |a SOPK Bratislava 
610 2 0 |a banky 
100 1 |a Práznovský, Alexander 
700 1 |a Šupšák, Jozef